The insider's guide to foreign study : everything you need to know about more than 400 academic adventures abroad /

Bibliographic Details
Main Author: Leerburger, Benedict A.
Format: Book
Language:English
Published: Reading, Mass. : Addison-Wesley, 1987.
Subjects:

MARC

Tag First Indicator Second Indicator Subfields
LEADER 00000cam a22000008a 4500
001 in00000033245
005 20151007060536.0
008 870513s1987 mau b 00110 eng
010 |a  87003493  
020 |a 0201157454 :  |c $12.95 
035 |a (OCoLC)16006548 
035 |9 AAC1099AM 
040 |a DLC  |c DLC  |d m/c  |d TXA  |d UtOrBLW 
043 |a n-us--- 
049 |a TXAM  |c [A11693897] 
050 0 0 |a LB2376  |b .L32 1987 
082 0 |a 370.19/62  |2 19 
100 1 |a Leerburger, Benedict A. 
245 1 4 |a The insider's guide to foreign study :  |b everything you need to know about more than 400 academic adventures abroad /  |c Benedict A. Leerburger. 
264 1 |a Reading, Mass. :  |b Addison-Wesley,  |c 1987. 
300 |a xii, 579 pages 
336 |a text  |b txt  |2 rdacontent 
337 |a unmediated  |b n  |2 rdamedia 
338 |a volume  |b nc  |2 rdacarrier 
504 |a Bibliography: pages 553-554. 
500 |a Includes index. 
650 0 |a Foreign study. 
650 0 |a American students  |z Foreign countries. 
999 |a MARS 
999 f f |s 6d69580a-dbb4-3bef-a0ee-e9f7ed6303e1  |i 5e144025-5945-3ebe-aafb-c3e7dc5c260b  |t 0 
952 f f |p normal  |a Texas A&M University  |b College Station  |c Sterling C. Evans Library  |d Evans: Library Stacks  |t 0  |e LB2376 .L32 1987  |h Library of Congress classification  |i unmediated -- volume  |m A14811693897 
998 f f |a LB2376 .L32 1987  |t 0  |l Evans: Library Stacks